000 00600nam a22002057a 4500
005 20160624141941.0
010 _aENG-115150
020 _a9789385288104
_c699.00
035 _aEN-98682
037 _bDBAD/PUB
082 _a915.4930432
100 _aEllis, Royston
245 _aSri Lanka /
_cby Royston Ellis
250 _a5th ed
260 _aNew Delhi
_bSpeaking Tiger
_c2015
270 _a4381/4 Ansari Road, Daryaganj,
_bNew Delhi
_e110002
300 _ax,326p. :
_c22cm(pbk)
_bill.(chiefly col.),maps
500 _aIncludes index
942 _2ddc
_cEN
_mELL
_h915.4930432
999 _c100068
_d100068